বাংলাদেশের পথ নাটক/ (Record no. 39034)
[ view plain ]
| 000 -LEADER | |
|---|---|
| fixed length control field | 00892nam a22002417a 4500 |
| 001 - CONTROL NUMBER | |
| control field | 39034 |
| 003 - CONTROL NUMBER IDENTIFIER | |
| rucl marc code | BD-RjUL |
| 005 - DATE AND TIME OF LATEST TRANSACTION | |
| control field | 20211209052913.0 |
| 008 - FIXED-LENGTH DATA ELEMENTS--GENERAL INFORMATION | |
| fixed length control field | 160404b2009 bg o|||e |||| 00| 0 ben d |
| 020 ## - INTERNATIONAL STANDARD BOOK NUMBER | |
| International Standard Book Number | 9845550495 |
| Terms of availability | Tk.100.00 |
| 035 ## - SYSTEM CONTROL NUMBER | |
| System control number | (BD-RjUL)39145 |
| 040 ## - CATALOGING SOURCE | |
| Language of cataloging | ben |
| Original cataloging agency | BD-RjUL |
| Transcribing agency | BD-RjUL |
| 041 ## - LANGUAGE CODE | |
| Language code of text/sound track or separate title | ben |
| 082 ## - DEWEY DECIMAL CLASSIFICATION NUMBER | |
| Edition number | 23 |
| Classification number | 891.442 |
| Author mark and year | SHB 2009 |
| 100 ## - MAIN ENTRY--PERSONAL NAME | |
| Personal name | শাহীন,ইসরাফিল. |
| 9 (RLIN) | 120497 |
| 245 ## - TITLE STATEMENT | |
| Title | বাংলাদেশের পথ নাটক/ |
| Statement of responsibility, etc. | ইসরাফিল শাহীন. |
| 260 ## - PUBLICATION, DISTRIBUTION, ETC. (IMPRINT) | |
| Place of publication, distribution, etc. | ঢাকা: |
| Name of publisher, distributor, etc. | বাংলাদেশ শিল্পকলা একাডেমী |
| Date of publication, distribution, etc. | ২০০৯ |
| 300 ## - PHYSICAL DESCRIPTION | |
| Pagination | [বার], ১৭৬ পৃ. |
| Illustrations | চিত্র |
| Size | ২২ সেমি. |
| 500 ## - GENERAL NOTE | |
| General note | নির্ঘন্ট সংযুক্ত |
| 650 ## - SUBJECT ADDED ENTRY--TOPICAL TERM | |
| Topical term or geographic name as entry element | বাংলা নাটক |
| 9 (RLIN) | 119730 |
| Topical term or geographic name as entry element | Bengali Drama |
| 9 (RLIN) | 120498 |
| 942 ## - ADDED ENTRY ELEMENTS (KOHA) | |
| Source of classification or shelving scheme | Dewey Decimal Classification |
| Koha item type | Books |
| Lost status | Source of classification or shelving scheme | Damaged status | Not for loan | Collection code | Permanent Location | Current Location | Shelving location | Date acquired | Cost, normal purchase price | Total Checkouts | Full call number | Date last seen | Copy number | Koha item type | Date checked out |
|---|---|---|---|---|---|---|---|---|---|---|---|---|---|---|---|
| Dewey Decimal Classification | Not For Loan | Fiction | Central Library, University of Rajshahi | Central Library, University of Rajshahi | Reading Room | 24/06/2013 | 100.00 | B 891.442 SHB 2009 | 04/04/2016 | C-1 | Books | ||||
| Dewey Decimal Classification | Fiction | Central Library, University of Rajshahi | Central Library, University of Rajshahi | 24/06/2013 | 100.00 | B 891.442 SHB 2009 | 04/04/2016 | C-2 | Books | ||||||
| Dewey Decimal Classification | Fiction | Central Library, University of Rajshahi | Central Library, University of Rajshahi | 24/06/2013 | 100.00 | 1 | B 891.442 SHB 2009 | 03/01/2018 | C-3 | Books | 05/12/2017 |